Industry and trade in some developing countries : A comparative study

This book introduce about industriazation in seven countries, the theory of protection, the reliance on administrative, the developing countries's scope for increasing their exports...

Guardat en:
Dades bibliogràfiques
Autor principal: Little, I.
Format: Llibre
Idioma:Undetermined
Publicat: London Oxford university press 1970
Matèries:
Etiquetes: Afegir etiqueta
Sense etiquetes, Sigues el primer a etiquetar aquest registre!
Thư viện lưu trữ: Trung tâm Học liệu Trường Đại học Cần Thơ
LEADER 00844nam a2200217Ia 4500
001 CTU_227581
008 210402s9999 xx 000 0 und d
082 |a 338.9 
082 |b L778 
100 |a Little, I. 
245 0 |a Industry and trade in some developing countries : 
245 2 |b A comparative study 
245 0 |c Ian Little, Tibor Scitovsky, Maurice Scott 
260 |a London 
260 |b Oxford university press 
260 |c 1970 
520 |a This book introduce about industriazation in seven countries, the theory of protection, the reliance on administrative, the developing countries's scope for increasing their exports... 
650 |a Công nghiệp,Industries 
650 |x Phát triển đất nước,Developing countries 
910 |b dqhieu 
980 |a Trung tâm Học liệu Trường Đại học Cần Thơ